000 00522nam a2200169Ia 4500
008 090201s9999 xx 000 0 und d
010 _aKPL-17605
040 _bमराठी
041 _aमराठी
082 _a11502
_b17605
100 _aविश्राम बेडेकर
245 _aरणांगण
_cविश्राम बेडेकर
260 _c2004
_bदेशमुख आणि कंपनी
300 _a126
_bमोठा
600 _aरणांगण
942 _cBOOK
999 _c211890
_d211890